| 000 | 00916cam a22003137a 4500 | ||
|---|---|---|---|
| 001 | 40540 | ||
| 005 | 20230410105118.0 | ||
| 008 | 070130s2000 quca 000 0 fre | ||
| 035 | _a(OCoLC)ocm81600915 | ||
| 040 |
_aNLC _bfre _cNLC |
||
| 016 | _a20070020612 | ||
| 020 | _a2922454045 | ||
| 020 | _a9782922454048 | ||
| 029 | 0 |
_aNLC _b20070020612 |
|
| 035 | _a(OCoLC)81600915 | ||
| 055 | 0 | 0 |
_a110 PC 2117 _bT861l 2000 |
| 082 | 0 | 0 | _a448.6 |
| 050 | 1 | 4 | _aCEH |
| 100 | 1 |
_aTrouillot, Evelyne, _d1954- |
|
| 245 | 1 | 0 |
_aLivres aux tresors : _bseptieme et huitieme annees / _cEvelyne Trouillot-Menard. |
| 260 |
_aMontreal : _bEditions SEMIS, _c2000. |
||
| 300 |
_a159 p. : _bill. ; _c23 cm. |
||
| 500 | _aPubl. en collab. avec: Editions du CUC, Universite Caraibe. | ||
| 650 | 0 |
_aFrench language _vReaders. |
|
| 650 | 4 | _aCEH | |
| 650 | 4 | _aColección Estudios Haitianos | |
| 942 |
_2lcc _cbk |
||
| 994 |
_aC0 _bDRFGD |
||
| 999 |
_c30300 _d30300 |
||